Studies in Novelists Vol.VIII (Record no. 17863)
[ view plain ]
| 000 -LEADER | |
|---|---|
| fixed length control field | 00365nam a22001577a 4500 |
| 003 - CONTROL NUMBER IDENTIFIER | |
| control field | OSt |
| 008 - FIXED-LENGTH DATA ELEMENTS--GENERAL INFORMATION | |
| fixed length control field | 231114b |||||||| |||| 00| 0 eng d |
| 041 ## - LANGUAGE CODE | |
| Language code of text/sound track or separate title | eng |
| 082 ## - DEWEY DECIMAL CLASSIFICATION NUMBER | |
| Classification number | 828.09 |
| Item number | MUL / TH |
| 100 ## - MAIN ENTRY--AUTHOR NAME | |
| Personal name | Mullik, BR |
| 245 ## - TITLE STATEMENT | |
| Title | Studies in Novelists Vol.VIII |
| 250 ## - EDITION STATEMENT | |
| Edition statement | 4th |
| 260 ## - PUBLICATION, DISTRIBUTION, ETC. (IMPRINT) | |
| Place of publication | Delhi: |
| Name of publisher | S Chand & Co, |
| Year of publication | 10016. |
| 300 ## - PHYSICAL DESCRIPTION | |
| Number of Pages | 78p. |
| 942 ## - ADDED ENTRY ELEMENTS (KOHA) | |
| Koha item type | Books |
| Withdrawn status | Lost status | Damaged status | Home library | Current library | Date acquired | Full call number | Koha item type |
|---|---|---|---|---|---|---|---|
| KAUAET | KAUAET | 14/11/2023 | 828.09 MUL / TH | Books |
